Normal view
MARC view
- تاليف هبين، فرانك؛ ترجمة الصياد، محمد محمود
Entry Personal Name
001 - CONTROL NUMBER
- control field: 34727
003 - CONTROL NUMBER IDENTIFIER
- control field: JO-AjAnu
005 - DATE AND TIME OF LATEST TRANSACTION
- control field: 20230606075820.0
008 - FIXED-LENGTH DATA ELEMENTS
- fixed length control field: 230606|| aca||aabn | a|a d
040 ## - CATALOGING SOURCE
- Original cataloging agency: JO-AjAnu
- Transcribing agency: JO-AjAnu
100 ## - HEADING--PERSONAL NAME
- Personal name: تاليف هبين، فرانك؛ ترجمة الصياد، محمد محمود
670 ## - SOURCE DATA FOUND
- Source citation: Work cat.: (JO-AjAnu)17836: تاليف هبين، فرانك؛ ترجمة الصياد، محمد محمود, author, الحضارة القديمة في الدنيا الجديدة